[Event "Torquay Paignton Rowena op"]
[Site "Torquay"]
[Date "2018.09.06"]
[Round "5"]
[White "Wilson, Matthew R"]
[Black "Body, Giles"]
[Result "1/2-1/2"]
[WhiteElo "158"]
[BlackElo "159"]
[PlyCount "49"]
[EventDate "2018.09.02"]
[EventType "swiss"]
[EventRounds "7"]
[EventCountry "ENG"]
[SourceTitle "CBM 187 Extra"]
[Source "ChessBase"]
[SourceDate "2018.11.04"]
[SourceVersion "1"]
[SourceVersionDate "2018.11.04"]
[SourceQuality "1"]

1. Nf3 d5 2. b3 Nf6 3. Bb2 g6 4. e3 Bg7 5. d4 0-0 6. c4 c6 7. Ne5 Nbd7 8. Nxd7 Bxd7 9. Bd3 e5 10. 0-0 e4 11. Be2 Re8 12. Nc3 Bf8 13. c5 h5 14. b4 b6 15. h3 a5 16. Na4 bxc5 17. bxc5 Bc8 18. Bc3 Ba6 19. Bxa6 Rxa6 20. Rb1 Nd7 21. Rb2 Be7 22. Qe2 Qa8 23. Rfb1 Nf6 24. Rb8 Qa7 25. Qb2 1/2-1/2

[Event "BCF-ch 5-day op AM Week 2"]
[Site "Torquay"]
[Date "2013.08.07"]
[Round "3"]
[White "Body, Giles"]
[Black "Wells, Jonathan C"]
[Result "1/2-1/2"]
[WhiteElo "1946"]
[BlackElo "2037"]
[PlyCount "24"]
[EventDate "2013.08.05"]
[EventType "swiss"]
[EventRounds "5"]
[EventCountry "ENG"]
[SourceTitle "EXT 2023"]
[Source "ChessBase"]
[SourceDate "2022.10.05"]
[SourceVersion "1"]
[SourceVersionDate "2022.10.05"]
[SourceQuality "1"]

1. e4 c5 2. c3 Nf6 3. e5 Nd5 4. d4 cxd4 5. cxd4 e6 6. Nf3 b6 7. Nc3 Bb7 8. Bg5 f6 9. exf6 Nxf6 10. Bd3 Nc6 11. 0-0 Be7 12. Qb1 Nb4 1/2-1/2